01182nam a22003257a 4500003000500000005001700005008004100022010001000063011001000073035001000083040000900093090001000102100004600112245013100158260003800289300002800327502009900355590002400454590002800478590002800506590002800534590002900562650002100591650004300612901000700655942001500662949003500677999001700712952012700729CHAP20220824115950.0971013s r 00010 d a14738 a15710 a19786 cCHAP aTesis00aGovea Echavarría, María Elena.950132 aPrueba de campo de tres fitorreguladores aplicados de diversas maneras en la calabaza (Cucurbita pepo), variedad grey Zucchini aMonterrey, N.L. :bEl autorc1983 a46 h.b: ilus. : tablas aTesis (Ing. Agrónomo en Producción) -- ITESM. Div. de Ciencias Agropecuarias y Marítimas aALEPHb10c20130110 aBATCH-UPDb10c20130110 aBATCH-UPDb10c20130410 aBATCH-UPDb10c20130914 aCONVERSIONb10c2013010914aCalabaza.91726114aPlantasxCrecimientoxAditivos.988804 aBK cTESIS2ddc bBCcTESd-46196eTS1i19786si c14738d14738 00102local4051708TESISaBCbBCcPA_TESISd2012-12-17fTESISl0oTesisp-46196r2019-12-31 00:00:00w2012-12-17yTESIS